Statistics for Guess the Random Waterparks Song #4

Click here to take the quiz!

General Stats

  • This quiz has been taken 7 times
    (5 since last reset)
  • The average score is 84 of 218

Answer Stats

Answer% Correct
a
100%
can
100%
can't
100%
I
100%
I'm
100%
in
100%
me
100%
not
100%
that
100%
The
100%
the
100%
their
100%
There
100%
you
100%
be
67%
for
67%
"hear"
67%
is
67%
It
67%
it
67%
it's
67%
like
67%
Like,
67%
my
67%
Nothing
67%
see
67%
"see"
67%
So
67%
so
67%
think
67%
thinking
67%
This
67%
this
67%
To
67%
to
67%
what
67%
when
67%
Why
67%
your
67%
all,
33%
all
33%
and
33%
And
33%
are
33%
but
33%
But
33%
come
33%
day
33%
everything
33%
got
33%
have
33%
here
33%
"Hey
33%
just
33%
know
33%
music
33%
need
33%
of
33%
Other
33%
other
33%
out
33%
side
33%
that's
33%
thing
33%
things
33%
time
33%
today
33%
words
33%
almost
0%
appealing
0%
as
0%
As
0%
believe
0%
best
0%
better
0%
break
0%
Break
0%
Breaking
0%
'cause
0%
'Cause
0%
cracked
0%
crumbling
0%
Deep
0%
deeper
0%
different
0%
Digging
0%
down
0%
Down
0%
eating
0%
else
0%
everybody
0%
Everyone
0%
feel
0%
feeling
0%
futuristic
0%
gems
0%
getting
0%
ghost
0%
glow
0%
golden
0%
graves
0%
heart
0%
hell"
0%
help
0%
hole
0%
ideas
0%
idols
0%
isn't
0%
I've
0%
kids
0%
last
0%
lost
0%
make
0%
mockingbirds
0%
most
0%
needs
0%
Oh,
0%
oh
0%
Originality's
0%
pushing
0%
rabbit
0%
reason
0%
ridiculous
0%
rot
0%
scene
0%
skin
0%
somehow
0%
someone
0%
soon
0%
starting
0%
stop
0%
teeth
0%
thanks,
0%
there's
0%
through
0%
Throw
0%
truth
0%
trying
0%
understand
0%
until
0%
up
0%
used
0%
wants
0%
way
0%
ways
0%
wear
0%
will
0%
woah
0%

Score Distribution

Percentile by Number Answered

Percent of People with Each Score

Your Score History

You have not taken this quiz since the last reset